000
00304nam a22001457a 4500
008
221017b ||||| |||| 00| 0 eng d
020
_a
062255362159
041
_a
eng
080
_a
61
082
_a
61
100
_a
5
101
_a
MEDI
245
_a
MEDICAL DICTIONARY
_c
WEBSTER'S
942
_2
udc
_c
BK
999
_c
58584
_d
58584